[Event "WchT Seniors 65"]
[Site "Krakow"]
[Date "2024.07.11"]
[Round "9.1"]
[White "Kyas, Juergen"]
[Black "Sanetra, Piotr"]
[Result "1/2-1/2"]
[WhiteElo "2173"]
[BlackElo "2024"]
[PlyCount "38"]
[EventDate "2024.07.02"]
[EventType "team-swiss"]
[EventRounds "9"]
[EventCountry "POL"]
[SourceTitle "CBM 221 Extra"]
[Source "ChessBase"]
[SourceDate "2024.09.30"]
[SourceVersion "1"]
[SourceVersionDate "2024.09.30"]
[SourceQuality "1"]
[WhiteTeam "Germany Mittel 65"]
[BlackTeam "Poland Malopolska 65"]
[WhiteTeamCountry "GER"]
[BlackTeamCountry "POL"]

1. e4 e5 2. Bc4 Nc6 3. Nf3 Nf6 4. d3 h6 5. 0-0 d6 6. c3 g6 7. Nbd2 Bg7 8. Re1 0-0 9. Nf1 Bd7 10. Bb3 Na5 11. Bc2 c5 12. Ng3 Nc6 13. h3 Rc8 14. Be3 b6 15. Qd2 Kh7 16. d4 cxd4 17. cxd4 Ng8 18. Rac1 Qe7 19. Red1 Rfd8 1/2-1/2

[Event "WchT Seniors 65"]
[Site "Krakow"]
[Date "2024.07.09"]
[Round "7.1"]
[White "Vilerte, Tamara"]
[Black "Sanetra, Piotr"]
[Result "1/2-1/2"]
[WhiteElo "1971"]
[BlackElo "2024"]
[PlyCount "32"]
[EventDate "2024.07.02"]
[EventType "team-swiss"]
[EventRounds "9"]
[EventCountry "POL"]
[SourceTitle "CBM 221 Extra"]
[Source "ChessBase"]
[SourceDate "2024.09.30"]
[SourceVersion "1"]
[SourceVersionDate "2024.09.30"]
[SourceQuality "1"]
[WhiteTeam "Latvia 65 (W)"]
[BlackTeam "Poland Malopolska 65"]
[WhiteTeamCountry "LAT"]
[BlackTeamCountry "POL"]

1. d4 Nf6 2. Nf3 e6 3. Bg5 d5 4. e3 Be7 5. c4 Nbd7 6. Nc3 0-0 7. Rc1 c6 8. Bd3 dxc4 9. Bxc4 Nd5 10. Bxe7 Qxe7 11. 0-0 Nxc3 12. Rxc3 e5 13. dxe5 Nxe5 14. Nxe5 Qxe5 15. f4 Qe4 16. Bb3 Bf5 1/2-1/2

[Event "WchT Seniors 65"]
[Site "Krakow"]
[Date "2024.07.06"]
[Round "5.1"]
[White "Carvalho, Herbert Abreu"]
[Black "Sanetra, Piotr"]
[Result "1-0"]
[WhiteElo "2123"]
[BlackElo "2024"]
[PlyCount "35"]
[EventDate "2024.07.02"]
[EventType "team-swiss"]
[EventRounds "9"]
[EventCountry "POL"]
[SourceTitle "CBM 221 Extra"]
[Source "ChessBase"]
[SourceDate "2024.09.30"]
[SourceVersion "1"]
[SourceVersionDate "2024.09.30"]
[SourceQuality "1"]
[WhiteTeam "Brazil 65"]
[BlackTeam "Poland Malopolska 65"]
[WhiteTeamCountry "BRA"]
[BlackTeamCountry "POL"]

1. d4 d5 2. c4 e6 3. Nf3 Nf6 4. g3 dxc4 5. Qa4+ Nbd7 6. Bg2 a6 7. Qxc4 b5 8. Qc6 Rb8 9. 0-0 Bb7 10. Qc2 Rc8 11. a4 c5 12. axb5 axb5 13. Bd2 cxd4 14. Qd3 Qb6 15. Ba5 Qc5 16. Nbd2 Ne5 17. Nxe5 Bxg2 18. Rfc1 1-0

[Event "WchT Seniors 65"]
[Site "Krakow"]
[Date "2024.07.04"]
[Round "3.1"]
[White "Sanetra, Piotr"]
[Black "Vogt, Lothar"]
[Result "1/2-1/2"]
[WhiteElo "2024"]
[BlackElo "2291"]
[PlyCount "45"]
[EventDate "2024.07.02"]
[EventType "team-swiss"]
[EventRounds "9"]
[EventCountry "POL"]
[SourceTitle "CBM 221 Extra"]
[Source "ChessBase"]
[SourceDate "2024.09.30"]
[SourceVersion "1"]
[SourceVersionDate "2024.09.30"]
[SourceQuality "1"]
[WhiteTeam "Poland Malopolska 65"]
[BlackTeam "Germany Eppingen 65"]
[WhiteTeamCountry "POL"]
[BlackTeamCountry "GER"]

1. e4 c5 2. c3 d5 3. exd5 Qxd5 4. d4 Nf6 5. Nf3 e6 6. Bd3 Nc6 7. 0-0 cxd4 8. cxd4 Be7 9. Nc3 Qd6 10. Bg5 0-0 11. Rc1 Rd8 12. Nb5 Qd7 13. Ne5 Nxe5 14. Rc7 Qd5 15. dxe5 Qxd3 16. Qxd3 Rxd3 17. Rxe7 Bd7 18. Nd6 Bc6 19. Bxf6 gxf6 20. Nxf7 Rf8 21. Nh6+ Kh8 22. Rxe6 fxe5 23. Rxe5 1/2-1/2

[Event "Pszczyna op 4th"]
[Site "Pszczyna"]
[Date "2008.07.19"]
[Round "8"]
[White "Ulrych, Wojciech"]
[Black "Sanetra, Piotr"]
[Result "1/2-1/2"]
[WhiteElo "2020"]
[BlackElo "2065"]
[PlyCount "103"]
[EventDate "2008.07.15"]
[EventType "swiss"]
[EventRounds "9"]
[EventCountry "POL"]
[SourceTitle "CBM 125 Extra"]
[Source "ChessBase"]
[SourceDate "2008.09.01"]
[SourceVersion "1"]
[SourceVersionDate "2008.09.01"]
[SourceQuality "1"]

1. e4 c6 2. d4 d5 3. e5 Bf5 4. Nc3 Qd7 5. Be2 h6 6. g4 Bh7 7. Be3 e6 8. a3 Qc7 9. f4 Ne7 10. Nf3 Nd7 11. Bd3 0-0-0 12. Bxh7 Rxh7 13. Qd3 g6 14. b4 Bg7 15. Na4 Rhh8 16. Nc5 Rdf8 17. Bf2 Nxc5 18. bxc5 h5 19. g5 Qa5+ 20. c3 Nf5 21. 0-0 Kc7 22. Rfb1 Rb8 23. Nd2 b6 24. Rb4 b5 25. Nb3 Qa6 26. a4 Qb7 27. axb5 cxb5 28. c6 Qxc6 29. Rxa7+ Kd8 30. Rxf7 Re8 31. Nc5 Re7 32. Rxe7 Kxe7 33. Qb1 Bf8 34. Ra4 Ke8 35. Ra6 Rb6 36. Rxb6 Qxb6 37. Qa2 Bxc5 38. Qa8+ Kf7 39. dxc5 Qc7 40. Qa6 Ne7 41. Qxb5 Qa7 42. Bd4 Qa1+ 43. Kg2 Qa2+ 44. Bf2 Qc2 45. Qb4 Qe2 46. Qa4 Qg4+ 47. Kf1 Qf3 48. Qb4 Qd1+ 49. Kg2 Qg4+ 50. Kf1 Qd1+ 51. Kg2 Qg4+ 52. Kf1 1/2-1/2

[Event "Pszczyna op 4th"]
[Site "Pszczyna"]
[Date "2008.07.16"]
[Round "3"]
[White "Polok, Kacper"]
[Black "Sanetra, Piotr"]
[Result "0-1"]
[WhiteElo "1903"]
[BlackElo "2065"]
[PlyCount "56"]
[EventDate "2008.07.15"]
[EventType "swiss"]
[EventRounds "9"]
[EventCountry "POL"]
[SourceTitle "CBM 125 Extra"]
[Source "ChessBase"]
[SourceDate "2008.09.01"]
[SourceVersion "1"]
[SourceVersionDate "2008.09.01"]
[SourceQuality "1"]

1. d4 d5 2. Nc3 Nf6 3. Bg5 Nbd7 4. g3 c6 5. Bg2 e5 6. dxe5 Nxe5 7. e4 d4 8. Bxf6 gxf6 9. Nce2 Bb4+ 10. c3 dxc3 11. Qxd8+ Kxd8 12. bxc3 Ba5 13. 0-0-0+ Kc7 14. Kc2 Be6 15. Nd4 Bc4 16. h3 Bb6 17. a4 Rad8 18. Ngf3 Bd3+ 19. Kb3 Bxe4 20. Nxe5 Bxg2 21. Nef3 Bxd4 22. Nxd4 Bxh1 23. Rxh1 Rhe8 24. Kc4 b6 25. Rd1 a6 26. Rb1 c5 27. Nf5 Re2 28. f4 Kc6 0-1

[Event "Pszczyna op 4th"]
[Site "Pszczyna"]
[Date "2008.07.15"]
[Round "1"]
[White "Rzepka, Maciej"]
[Black "Sanetra, Piotr"]
[Result "0-1"]
[WhiteElo "1737"]
[BlackElo "2065"]
[PlyCount "76"]
[EventDate "2008.07.15"]
[EventType "swiss"]
[EventRounds "9"]
[EventCountry "POL"]
[SourceTitle "CBM 125 Extra"]
[Source "ChessBase"]
[SourceDate "2008.09.01"]
[SourceVersion "1"]
[SourceVersionDate "2008.09.01"]
[SourceQuality "1"]

1. e4 c6 2. d4 d5 3. exd5 cxd5 4. c4 Nf6 5. Nc3 e6 6. Nf3 Be7 7. Bd3 0-0 8. 0-0 dxc4 9. Bxc4 Nc6 10. Be3 a6 11. Qc2 Nb4 12. Qb1 b5 13. Bb3 Bb7 14. a3 Nbd5 15. Nxd5 Bxd5 16. Bxd5 Qxd5 17. b4 Rac8 18. Qb2 Nd7 19. Ne5 Rfd8 20. Rac1 Rxc1 21. Bxc1 Bf6 22. f4 Nb6 23. Be3 Qe4 24. Qf2 Rc8 25. Rc1 Rxc1+ 26. Bxc1 Nd5 27. Qd2 h6 28. g3 Nb6 29. Qe3 Qc2 30. Qd2 Qb3 31. Qb2 Qd1+ 32. Kg2 Bxe5 33. dxe5 Nc4 34. Qc3 h5 35. h4 Qe2+ 36. Kh3 Qf2 37. g4 Qf1+ 38. Kh2 hxg4 0-1

[Event "Augustow op"]
[Site "Augustow"]
[Date "2007.08.29"]
[Round "9.7"]
[White "Daciuk, Slawomir"]
[Black "Sanetra, Piotr"]
[Result "0-1"]
[WhiteElo "2043"]
[BlackElo "2078"]
[PlyCount "40"]
[EventDate "2007.08.24"]
[EventType "swiss"]
[EventRounds "9"]
[EventCountry "POL"]
[SourceTitle "EXT 2023"]
[Source "ChessBase"]
[SourceDate "2022.10.05"]
[SourceVersion "1"]
[SourceVersionDate "2022.10.05"]
[SourceQuality "1"]

1. c4 e6 2. Nc3 d5 3. d4 Nf6 4. Nf3 Be7 5. Bf4 0-0 6. e3 c5 7. dxc5 Bxc5 8. Qc2 Qa5 9. Bd3 Nc6 10. 0-0-0 Nb4 11. Qb3 Nxd3+ 12. Rxd3 Ne4 13. Bg3 Bb4 14. Rd4 Nxc3 15. bxc3 Bxc3 16. Rd3 Bf6 17. cxd5 Bd7 18. Nd4 Rac8+ 19. Kb1 e5 20. Nc2 Ba4 0-1

[Event "Augustow op"]
[Site "Augustow"]
[Date "2007.08.27"]
[Round "6.3"]
[White "Sanetra, Szymon"]
[Black "Sanetra, Piotr"]
[Result "1/2-1/2"]
[WhiteElo "2048"]
[BlackElo "2078"]
[PlyCount "40"]
[EventDate "2007.08.24"]
[EventType "swiss"]
[EventRounds "9"]
[EventCountry "POL"]
[SourceTitle "EXT 2023"]
[Source "ChessBase"]
[SourceDate "2022.10.05"]
[SourceVersion "1"]
[SourceVersionDate "2022.10.05"]
[SourceQuality "1"]

1. d4 d5 2. c4 e6 3. Nc3 Nf6 4. Nf3 Be7 5. Bg5 0-0 6. e3 h6 7. Bxf6 Bxf6 8. Rc1 a6 9. a3 c6 10. Bd3 Nd7 11. 0-0 b5 12. cxd5 cxd5 13. Ne2 Bb7 14. Bb1 Re8 15. Qd3 g6 16. Rfe1 Rc8 17. Rxc8 Qxc8 18. h4 e5 19. dxe5 Nxe5 20. Nxe5 Rxe5 1/2-1/2

[Event "Augustow op"]
[Site "Augustow"]
[Date "2007.08.25"]
[Round "2.4"]
[White "Urbanski, Piotr"]
[Black "Sanetra, Piotr"]
[Result "1-0"]
[WhiteElo "1738"]
[BlackElo "2078"]
[PlyCount "69"]
[EventDate "2007.08.24"]
[EventType "swiss"]
[EventRounds "9"]
[EventCountry "POL"]
[SourceTitle "EXT 2023"]
[Source "ChessBase"]
[SourceDate "2022.10.05"]
[SourceVersion "1"]
[SourceVersionDate "2022.10.05"]
[SourceQuality "1"]

1. d4 d5 2. e3 g6 3. Bd3 Bg7 4. Nd2 c5 5. c3 Qc7 6. Ngf3 Nf6 7. 0-0 Nbd7 8. e4 dxe4 9. Nxe4 Nxe4 10. Bxe4 Nf6 11. Bd3 0-0 12. Be3 Ng4 13. h3 Nxe3 14. fxe3 Qd6 15. Qe2 Be6 16. Ng5 cxd4 17. exd4 Bd5 18. Be4 Rae8 19. Qf3 Bc4 20. Rf2 Bf6 21. h4 h6 22. Nh3 Bxh4 23. Rd2 b6 24. b3 Be6 25. Rd3 Bf6 26. Nf4 Rd8 27. Qg3 Bg5 28. Rf1 Bd7 29. Rdf3 Bb5 30. R1f2 Bc6 31. Bxc6 Qxc6 32. Nh3 Bf6 33. Nf4 Qd6 34. Qg4 Bg5 35. Nd3 1-0

[Event "Augustow op"]
[Site "Augustow"]
[Date "2007.08.24"]
[Round "1.5"]
[White "Sanetra, Piotr"]
[Black "Roszkowski, Pawel"]
[Result "1-0"]
[WhiteElo "2078"]
[BlackElo "1573"]
[PlyCount "35"]
[EventDate "2007.08.24"]
[EventType "swiss"]
[EventRounds "9"]
[EventCountry "POL"]
[SourceTitle "EXT 2023"]
[Source "ChessBase"]
[SourceDate "2022.10.05"]
[SourceVersion "1"]
[SourceVersionDate "2022.10.05"]
[SourceQuality "1"]

1. e4 d5 2. exd5 Qxd5 3. Nc3 Qa5 4. d4 Nf6 5. Nf3 Bg4 6. h3 Bh5 7. g4 Bg6 8. Ne5 Nbd7 9. Nc4 Qa6 10. Bf4 Qc6 11. d5 Nxd5 12. Qxd5 0-0-0 13. Qxc6 bxc6 14. 0-0-0 f6 15. Na5 e5 16. Ba6+ Kb8 17. Nxc6+ Ka8 18. Nxd8 1-0

[Event "Rewal op 11th"]
[Site "Rewal"]
[Date "2006.08.25"]
[Round "6"]
[White "Kazmierczak, Rafal"]
[Black "Sanetra, Piotr"]
[Result "1/2-1/2"]
[WhiteElo "2188"]
[BlackElo "2078"]
[PlyCount "82"]
[EventDate "2006.08.21"]
[EventType "swiss"]
[EventRounds "11"]
[EventCountry "POL"]
[SourceTitle "EXT 2010"]
[Source "ChessBase"]
[SourceDate "2010.11.25"]
[SourceVersion "1"]
[SourceVersionDate "2010.11.25"]
[SourceQuality "1"]

1. e4 c6 2. d4 d5 3. exd5 cxd5 4. Bd3 Nc6 5. c3 Nf6 6. h3 e5 7. dxe5 Nxe5 8. Bc2 Bd6 9. Bg5 0-0 10. Ne2 Re8 11. 0-0 Bxh3 12. Nf4 Bg4 13. Qd4 Nc6 14. Qd2 Qc7 15. Na3 Bxf4 16. Bxf4 Qd7 17. f3 Bf5 18. Ba4 a6 19. Rad1 b5 20. Bb3 Rad8 21. Bg5 d4 22. c4 bxc4 23. Nxc4 Ne5 24. Nxe5 Rxe5 25. Qf4 Re2 26. Rf2 d3 27. g4 Qa7 28. Bh4 Bg6 29. Kg2 Qe7 30. Bc4 Rxf2+ 31. Bxf2 Nd5 32. Qc1 Nc7 33. Re1 Qd7 34. Qd2 h5 35. Bh4 Re8 36. Rxe8+ Qxe8 37. gxh5 Bf5 38. Bg3 Nb5 39. a4 Nd4 40. Bxd3 Bxd3 41. Qxd3 Qxa4 1/2-1/2

[Event "Rewal op 11th"]
[Site "Rewal"]
[Date "2006.08.21"]
[Round "2"]
[White "Koziak, Vitali"]
[Black "Sanetra, Piotr"]
[Result "1-0"]
[WhiteElo "2453"]
[BlackElo "2078"]
[PlyCount "55"]
[EventDate "2006.08.21"]
[EventType "swiss"]
[EventRounds "11"]
[EventCountry "POL"]
[SourceTitle "EXT 2010"]
[Source "ChessBase"]
[SourceDate "2010.11.25"]
[SourceVersion "1"]
[SourceVersionDate "2010.11.25"]
[SourceQuality "1"]

1. Nf3 d5 2. c4 e6 3. b3 Nf6 4. Bb2 Nbd7 5. g3 Be7 6. Bg2 0-0 7. 0-0 c6 8. d3 b6 9. e4 Qc7 10. e5 Ne8 11. Nc3 Bb7 12. Ne2 dxc4 13. dxc4 Rd8 14. Qd4 f5 15. Rad1 g6 16. Qe3 Nc5 17. Nfd4 Ng7 18. h4 Nd7 19. Nf4 Bc5 20. Nfxe6 Bxd4 21. Nxd4 Nxe5 22. Nxf5 Rxd1 23. Nh6+ Kh8 24. Rxd1 Nf7 25. Qe6 Nd8 26. Rxd8 Qxd8 27. Qg8+ Rxg8 28. Nf7# 1-0

[Event "Rewal op 11th"]
[Site "Rewal"]
[Date "2006.08.21"]
[Round "1"]
[White "Sanetra, Piotr"]
[Black "Akesson, Ralf"]
[Result "1/2-1/2"]
[WhiteElo "2078"]
[BlackElo "2467"]
[PlyCount "120"]
[EventDate "2006.08.21"]
[EventType "swiss"]
[EventRounds "11"]
[EventCountry "POL"]
[SourceTitle "EXT 2010"]
[Source "ChessBase"]
[SourceDate "2010.11.25"]
[SourceVersion "1"]
[SourceVersionDate "2010.11.25"]
[SourceQuality "1"]

1. e4 c5 2. c3 d5 3. exd5 Qxd5 4. d4 Nf6 5. Nf3 Bg4 6. Be2 e6 7. h3 Bh5 8. 0-0 Nc6 9. Be3 cxd4 10. cxd4 Be7 11. Nc3 Qa5 12. a3 0-0 13. b4 Qc7 14. Rc1 Qd6 15. Nb5 Qb8 16. Ne5 Bxe2 17. Qxe2 Nxe5 18. Bf4 Nd5 19. Bxe5 Qd8 20. Qg4 Bf6 21. Nc3 Nxc3 22. Rxc3 g6 23. Rfc1 Bg5 24. R1c2 Bh6 25. Rc7 b6 26. h4 a5 27. b5 Qd5 28. h5 Bg7 29. hxg6 hxg6 30. Bxg7 Kxg7 31. R2c3 Qxb5 32. Rh3 Qf5 33. Qd1 Rad8 34. Qc1 g5 35. Qd1 Rd5 36. Rf3 Qg6 37. Qe1 a4 38. Qb4 b5 39. Rc5 Rfd8 40. Qxb5 Qe4 41. Rxd5 Rxd5 42. Qe8 Qb1+ 43. Kh2 Qh7+ 44. Rh3 Qg8 45. Qxa4 Qd8 46. Qa7 Rxd4 47. Qc5 Qf6 48. Rf3 Rh4+ 49. Rh3 Rf4 50. Qc8 Kg6 51. Qc2+ Kg7 52. Qc8 Kg6 53. Qf8 Rh4 54. Qg8+ Kf5 55. Rxh4 gxh4 56. Qh7+ Ke5 57. Qc2 Qf4+ 58. Kg1 Qd4 59. Qc7+ Kf6 60. Qc1 e5 1/2-1/2

[Event "Lubawka op"]
[Site "Lubawka"]
[Date "2006.07.10"]
[Round "3"]
[White "Bernhoeft, Erhard"]
[Black "Sanetra, Piotr"]
[Result "1/2-1/2"]
[WhiteElo "2063"]
[BlackElo "2087"]
[PlyCount "43"]
[EventDate "2006.07.08"]
[EventType "swiss"]
[EventRounds "9"]
[EventCountry "POL"]
[SourceTitle "EXT 2008"]
[Source "ChessBase"]
[SourceDate "2007.11.25"]
[SourceVersion "1"]
[SourceVersionDate "2007.11.25"]
[SourceQuality "1"]

1. Nf3 d5 2. g3 Nf6 3. Bg2 c5 4. d4 e6 5. 0-0 Nc6 6. e3 Be7 7. c4 cxd4 8. cxd5 Nxd5 9. exd4 0-0 10. Nc3 Qa5 11. Bd2 Rd8 12. Qe2 Bd7 13. Rfd1 Be8 14. a3 Rac8 15. Rac1 Qb6 16. Nxd5 Rxd5 17. Be3 Qb5 18. Qc2 Rdd8 19. Bf1 Qd5 20. Bg2 Qh5 21. Qb3 Na5 22. Qd3 1/2-1/2

[Event "Lubawka op"]
[Site "Lubawka"]
[Date "2006.07.09"]
[Round "2"]
[White "Sanetra, Piotr"]
[Black "Lagowski, Patryk"]
[Result "0-1"]
[WhiteElo "2087"]
[BlackElo "2392"]
[PlyCount "97"]
[EventDate "2006.07.08"]
[EventType "swiss"]
[EventRounds "9"]
[EventCountry "POL"]
[SourceTitle "EXT 2008"]
[Source "ChessBase"]
[SourceDate "2007.11.25"]
[SourceVersion "1"]
[SourceVersionDate "2007.11.25"]
[SourceQuality "1"]

1. e4 c5 2. c3 d5 3. exd5 Qxd5 4. d4 Nc6 5. Nf3 e5 6. Nxe5 Nxe5 7. dxe5 Qxe5+ 8. Be2 Bd7 9. Nd2 0-0-0 10. Nf3 Qc7 11. Qc2 Bd6 12. Bg5 f6 13. Be3 Ne7 14. 0-0-0 Nf5 15. Bd2 h5 16. Bd3 g6 17. Rhe1 c4 18. Be4 Qa5 19. Kb1 Bc5 20. Nd4 Bxd4 21. cxd4 Qc7 22. d5 Kb8 23. g3 Ka8 24. Qc3 Rhf8 25. f3 Rc8 26. Qa5 Qxa5 27. Bxa5 g5 28. Bb4 Rf7 29. Bc2 b6 30. g4 Nh4 31. gxh5 Nxf3 32. Re7 Rxe7 33. Bxe7 f5 34. Bf6 Nxh2 35. Bxg5 Rh8 36. h6 Ng4 37. Re1 Rh7 38. Rh1 Kb7 39. Rh4 Ne5 40. Bf6 Ng6 41. Rh1 Nf4 42. d6 Kc6 43. Bg7 Nd3 44. Bxd3 cxd3 45. Rd1 f4 46. Rf1 Bg4 47. Kc1 f3 48. Kd2 Kxd6 49. Kxd3 0-1

[Event "POL-chT 2nd League"]
[Site "Wysowa"]
[Date "2003.09.13"]
[Round "10"]
[White "Sanetra, Piotr"]
[Black "Krzywda, Andrzej"]
[Result "0-1"]
[WhiteElo "2124"]
[BlackElo "2127"]
[PlyCount "82"]
[EventDate "2003.09.06"]
[EventType "team-swiss"]
[EventRounds "11"]
[EventCountry "POL"]
[SourceTitle "CBM 096 Extra"]
[Source "ChessBase"]
[SourceDate "2003.10.22"]
[SourceVersion "2"]
[SourceVersionDate "2003.10.20"]
[SourceQuality "1"]
[WhiteTeam "Krakow TKKF Drogowiec"]
[BlackTeam "Chroscice Victoria"]
[WhiteTeamCountry "POL"]
[BlackTeamCountry "POL"]

1. e4 c5 2. c3 Nf6 3. e5 Nd5 4. d4 cxd4 5. Qxd4 e6 6. Nf3 Nc6 7. Qe4 f5 8. exf6 Nxf6 9. Qh4 d5 10. Bd3 Bd6 11. Bg5 e5 12. Bg6+ Kf8 13. Bc2 Kf7 14. Nbd2 h6 15. Bxf6 Qxf6 16. Qxf6+ gxf6 17. 0-0-0 Be6 18. Nf1 Ne7 19. Ne3 Rhg8 20. Nh4 Bc5 21. Bb3 Rad8 22. g3 b5 23. Rd2 b4 24. Nhg2 bxc3 25. bxc3 Rd6 26. Kd1 Rc8 27. Rc2 Rdc6 28. Kd2 Bb6 29. Rhc1 Ba5 30. Nd1 d4 31. f3 Nd5 32. Bxd5 Bxd5 33. Nh4 Ke6 34. Kd3 Bc4+ 35. Ke4 f5+ 36. Nxf5 Bd5+ 37. Kd3 Kxf5 38. cxd4 e4+ 39. Ke3 Rxc2 40. g4+ Ke6 41. Rxc2 Rxc2 0-1

[Event "POL-chT 2nd League"]
[Site "Wysowa"]
[Date "2003.09.07"]
[Round "2"]
[White "Malecki, Eugeniusz"]
[Black "Sanetra, Piotr"]
[Result "1/2-1/2"]
[WhiteElo "2032"]
[BlackElo "2124"]
[PlyCount "33"]
[EventDate "2003.09.06"]
[EventType "team-swiss"]
[EventRounds "11"]
[EventCountry "POL"]
[SourceTitle "CBM 096 Extra"]
[Source "ChessBase"]
[SourceDate "2003.10.22"]
[SourceVersion "2"]
[SourceVersionDate "2003.10.20"]
[SourceQuality "1"]
[WhiteTeam "Wschowa Hetman"]
[BlackTeam "Krakow TKKF Drogowiec"]
[WhiteTeamCountry "POL"]
[BlackTeamCountry "POL"]

1. e4 c6 2. d4 d5 3. e5 Bf5 4. Nf3 e6 5. Be2 Nd7 6. c3 Ne7 7. Nh4 c5 8. 0-0 Bg6 9. Bg5 Qb6 10. b3 Nc6 11. Nxg6 hxg6 12. Be3 Rc8 13. a3 Be7 14. b4 cxd4 15. cxd4 Qc7 16. Nd2 Nb6 17. Rc1 1/2-1/2

[Event "POL-chT2 South"]
[Site "Ustron"]
[Date "2001.09.??"]
[Round "?"]
[White "Sanetra, Piotr"]
[Black "Glod, Maciej"]
[Result "1/2-1/2"]
[WhiteElo "2149"]
[BlackElo "2076"]
[PlyCount "44"]
[EventDate "2001.09.14"]
[EventType "team-swiss"]
[EventRounds "10"]
[EventCountry "POL"]
[SourceTitle "EXT 2019"]
[Source "ChessBase"]
[SourceDate "2018.10.10"]
[SourceVersion "1"]
[SourceVersionDate "2018.10.10"]
[SourceQuality "1"]

1. e4 e5 2. Nf3 Nf6 3. Nc3 Nc6 4. Bb5 Nd4 5. Ba4 c6 6. d3 d6 7. Nxd4 exd4 8. Ne2 Qa5+ 9. c3 dxc3 10. bxc3 Be7 11. 0-0 0-0 12. Bc2 Qh5 13. Bf4 d5 14. Nd4 Bc5 15. Nb3 Bg4 16. Qd2 Bb6 17. e5 Nd7 18. Rfe1 Rfe8 19. d4 Bf5 20. Bd1 Qg6 21. Bg3 Nf8 22. Nc1 Ne6 1/2-1/2

[Event "POL-chT 2nd League South"]
[Site "Wisla"]
[Date "1998.??.??"]
[Round "?"]
[White "Swol, Michal"]
[Black "Sanetra, Piotr"]
[Result "1-0"]
[WhiteElo "2250"]
[BlackElo "2150"]
[PlyCount "65"]
[EventDate "1998.11.20"]
[EventType "team-swiss"]
[EventRounds "10"]
[EventCountry "POL"]
[SourceTitle "EXT 2000"]
[Source "ChessBase"]
[SourceDate "1999.11.16"]
[SourceVersion "1"]
[SourceVersionDate "1999.11.16"]
[SourceQuality "1"]

1. d4 d5 2. c4 e6 3. Nc3 Nf6 4. cxd5 exd5 5. Bg5 Be7 6. e3 c6 7. Qc2 0-0 8. Bd3 Nbd7 9. Nf3 Re8 10. 0-0 Nf8 11. h3 Nh5 12. Bxe7 Qxe7 13. Rab1 g6 14. b4 a6 15. a4 Ng7 16. b5 axb5 17. axb5 Bf5 18. Bxf5 Nxf5 19. bxc6 bxc6 20. Rb6 Rac8 21. Ne5 Qd6 22. Rc1 Re6 23. Na4 Qa3 24. Nc5 Nxe3 25. fxe3 Qxe3+ 26. Kh1 Rd6 27. Qc3 Qg5 28. Rf1 f6 29. Qf3 h5 30. Rb7 Qd2 31. Nf7 Qxd4 32. Nxd6 Rd8 33. Qxf6 1-0

[Event "POL-chT 2nd League South"]
[Site "Wisla"]
[Date "1998.??.??"]
[Round "?"]
[White "Szkatula, Leszek"]
[Black "Sanetra, Piotr"]
[Result "1-0"]
[WhiteElo "2295"]
[BlackElo "2150"]
[PlyCount "59"]
[EventDate "1998.11.20"]
[EventType "team-swiss"]
[EventRounds "10"]
[EventCountry "POL"]
[SourceTitle "EXT 2000"]
[Source "ChessBase"]
[SourceDate "1999.11.16"]
[SourceVersion "1"]
[SourceVersionDate "1999.11.16"]
[SourceQuality "1"]

1. e4 e5 2. Nf3 Nc6 3. Bb5 Nd4 4. Nxd4 exd4 5. 0-0 Bc5 6. Bc4 d6 7. b4 Bb6 8. d3 Be6 9. Bb2 Nf6 10. Re1 0-0 11. Nd2 d5 12. Bb3 dxe4 13. Bxe6 fxe6 14. Nxe4 Nxe4 15. Rxe4 Qd6 16. a3 Rf6 17. Qg4 Rg6 18. Qh5 a5 19. b5 c5 20. Rae1 Bc7 21. g3 a4 22. Bc1 Qb6 23. Rh4 Qxb5 24. Qxh7+ Kf7 25. Qh5 Ra6 26. Rxd4 e5 27. Qf5+ Ke7 28. Bg5+ Ke8 29. Qc8+ Kf7 30. Rd7+ 1-0

[Event "POL-chT2"]
[Site "Augustow"]
[Date "1997.??.??"]
[Round "?"]
[White "Jakubowski, Maciej"]
[Black "Sanetra, Piotr"]
[Result "1/2-1/2"]
[WhiteElo "2000"]
[BlackElo "2130"]
[PlyCount "44"]
[EventDate "1997.??.??"]
[EventType "team-tourn"]
[EventRounds "9"]
[EventCountry "POL"]
[SourceTitle "EXT 2003"]
[Source "ChessBase"]
[SourceDate "2002.11.25"]
[SourceVersion "1"]
[SourceVersionDate "2002.11.25"]
[SourceQuality "1"]

1. d4 Nf6 2. c4 e6 3. Nf3 Bb4+ 4. Bd2 Qe7 5. g3 Nc6 6. Bg2 0-0 7. 0-0 Bxd2 8. Qxd2 d6 9. Nc3 e5 10. Nd5 Nxd5 11. cxd5 Nb8 12. dxe5 dxe5 13. e4 Re8 14. Rac1 Na6 15. Rfd1 Bg4 16. h3 Bh5 17. a3 Rad8 18. g4 Bg6 19. Qe3 c6 20. dxc6 Rxd1+ 21. Rxd1 bxc6 22. Rc1 Nb8 1/2-1/2

[Event "POL-chT2"]
[Site "Augustow"]
[Date "1997.??.??"]
[Round "?"]
[White "Sanetra, Piotr"]
[Black "Lagowski, Patryk"]
[Result "1-0"]
[WhiteElo "2130"]
[BlackElo "2045"]
[PlyCount "49"]
[EventDate "1997.??.??"]
[EventType "team-tourn"]
[EventRounds "9"]
[EventCountry "POL"]
[SourceTitle "EXT 2003"]
[Source "ChessBase"]
[SourceDate "2002.11.25"]
[SourceVersion "1"]
[SourceVersionDate "2002.11.25"]
[SourceQuality "1"]

1. e4 e6 2. d4 d5 3. Bd3 Nf6 4. e5 Nfd7 5. Nf3 c5 6. c3 b6 7. Qe2 a5 8. Nbd2 Ba6 9. c4 dxc4 10. Nxc4 Nc6 11. d5 Nb4 12. dxe6 fxe6 13. Bg5 Qc7 14. 0-0 Nxd3 15. Qxd3 Be7 16. Qe4 Bb7 17. Qh4 Bxg5 18. Nxg5 0-0-0 19. Nxe6 Qc6 20. Nd6+ Kb8 21. Nxb7 Rde8 22. Nbd8 Qc8 23. Rad1 Rxd8 24. Nxd8 Rxd8 25. Qe7 1-0